000 00479cam a2200193ua 4500
001 11924
005 20260515114821.0
008 191119n ii |||gr||||Z||||||eng
020 _a9781857443318
040 _cMAIN
082 _a794.12
100 _aYasser Seirawan,
_eAuthor.
245 _aPlay winning Chess
_cBy Yasser Seirawan
260 _aChennai:
_bCitedal Chess World,
_c2005.
300 _a222p.
653 _aIndoor games of skill
653 _aChess
942 _cBK
999 _c10700
_d10700